Colored pencil / (Record no. 23338)

000 -LEADER
fixed length control field 01532cam a2200277 a 4500
001 - CONTROL NUMBER
control field 16109270
005 - DATE AND TIME OF LATEST TRANSACTION
control field 20170126094217.0
008 - FIXED-LENGTH DATA ELEMENTS--GENERAL INFORMATION
fixed length control field 100226s2011 caua 000 0 eng
010 ## - LIBRARY OF CONGRESS CONTROL NUMBER
LC control number 2010008420
020 ## - INTERNATIONAL STANDARD BOOK NUMBER
International Standard Book Number 9781936309153 (hardcover)
050 00 - LIBRARY OF CONGRESS CALL NUMBER
Classification number NC892 .S67 2011
100 1# - MAIN ENTRY--PERSONAL NAME
Personal name Sorg, Eileen
Fuller form of name (Eileen F.)
245 10 - TITLE STATEMENT
Title Colored pencil /
Statement of responsibility, etc. by Eileen Sorg.
250 ## - EDITION STATEMENT
Edition statement 1st library ed.
260 ## - PUBLICATION, DISTRIBUTION, ETC. (IMPRINT)
Place of publication, distribution, etc. [Irvine, CA] :
Name of publisher, distributor, etc. Walter Foster Pub. ;
Place of publication, distribution, etc. Mankato, Minn. :
Name of publisher, distributor, etc. Distributed by Black Rabbit Books,
Date of publication, distribution, etc. 2011.
300 ## - PHYSICAL DESCRIPTION
Extent 64 p. :
Other physical details col. ill. ;
Dimensions 25 cm.
490 0# - SERIES STATEMENT
Series statement Drawing made easy
505 0# - FORMATTED CONTENTS NOTE
Formatted contents note Introduction -- Tools and materials -- Color basics -- Warming up -- Creating form -- Colored pencil techniques -- Tracing and transferring -- Butterfly -- Fish in bowl -- Parrot -- Gumball machine -- Fruit still life -- Pink flamingo -- Red-eyed tree frog -- Daisy -- Shoes -- Café sign -- Turtle -- Mai tai -- Classic car -- Giraffe -- Horse -- Garden gnome -- Guinea pig -- Kitten -- Colored pencils --Maneki Neko (Lucky Cat) -- Puppy -- Closing words.
650 #0 - SUBJECT ADDED ENTRY--TOPICAL TERM
Topical term or geographic name as entry element Colored pencil drawing
General subdivision Technique.
942 ## - ADDED ENTRY ELEMENTS (KOHA)
Source of classification or shelving scheme
Koha item type Hard Covered Materials
Holdings
Withdrawn status Lost status Source of classification or shelving scheme Damaged status Not for loan Home library Current library Shelving location Date acquired Source of acquisition Total Checkouts Full call number Barcode Date last seen Price effective from Koha item type
          MACHAKOS UNIVERSITY LIBRARY MACHAKOS UNIVERSITY LIBRARY Open shelf 26/01/2017 Donation(BFA)   NC892 .S67 2011 32339 26/01/2017 26/01/2017 Hard Covered Materials
© Machakos University Library, Along The Highway, Machakos Wote Rd, Machakos, Kenya P.O. Box 136 - 90100 Machakos - Kenya

Tel: ( +254 ) 723 805829 OR Fax : 044-20353 OR Email: library@mksu.ac.ke